| 000 | 00782nam a2200229 i 4500 | ||
|---|---|---|---|
| 001 | 110981 | ||
| 003 | ES-MaACL | ||
| 005 | 20250807072843.0 | ||
| 007 | t| | ||
| 008 | 061121s1968 sp r ||||1| spa d | ||
| 100 | 0 |
_aOgletree, Thomas. _986576 |
|
| 245 | 1 | 0 |
_aControversia sobre "La muerte de Dios" _b: síntesis y valoración de la obra de Thomas J.J.Altizer / Thomas Ogletree, Altizer, William Hamilton, Paul van Buren. |
| 250 | _a1ª. ed. | ||
| 260 |
_aBarcelona : _bKairos, _c1968. |
||
| 300 |
_a127 p. ; _c21 cm. |
||
| 650 | 7 |
_aTeología de la muerte de Dios _2embne _9154472 |
|
| 700 | 1 |
_aHamilton, William. _961666 |
|
| 700 | 1 |
_aBuren, Paul van. _932608 |
|
| 700 | 0 |
_aAltizer, Thomas J. J. _920550 |
|
| 852 |
_aES-MaACL _jC-49980 _bR.68275 |
||
| 999 |
_c110981 _d110981 |
||